000 00568cam a22002053a 4500
001 43134
003 PGUSA
005 20140828084000.0
008 130708s2013||||xxu|||||s|||||000 | eng d
040 _aPGUSA
_beng
042 _adc
100 1 _aMolesworth,
_cMrs,
_d1839-1921
245 1 0 _aThat Girl in Black
_h[electronic resource] /
_cMolesworth,
260 _bProject Gutenberg,
_c2013
506 _aPublic domain in the USA.
516 _aElectronic text
830 0 _aProject Gutenberg
_v43134
856 4 0 _uhttp://www.gutenberg.org/ebooks/43134
942 _cEB
999 _c272385
_d272385